Négyszáz hektáron szőlő- és gyümölcstelepítések /

Elmentve itt :
Bibliográfiai részletek
Szerző: Horváth Dezső
Dokumentumtípus: Cikk
Megjelent: 1975-02-07
Sorozat:Délmagyarország 65 No. 32
Kulcsszavak:Szegedi járás, Mezőgazdaság zöldségtermesztés Szegedi járás, Mezőgazdaság gyümölcstermesztés Szegedi járás
Online Access:http://dmarchiv.bibl.u-szeged.hu/87286
LEADER 00589nab a2200157 i 4500
001 delm87286
005 20190426084117.0
008 190426s1975 hu o 0|| hun d
040 |a SZTE Délmagyarország Archívum  |b hun 
041 |a hun 
100 1 |a Horváth Dezső 
245 1 0 |a Négyszáz hektáron  |h [elektronikus dokumentum] :  |b szőlő- és gyümölcstelepítések /  |c  Horváth Dezső 
260 |c 1975-02-07 
300 |a 5 
490 0 |a Délmagyarország  |v 65 No. 32 
695 |a Szegedi járás, Mezőgazdaság zöldségtermesztés Szegedi járás, Mezőgazdaság gyümölcstermesztés Szegedi járás